hermitcraft season 6 members - Statistics

General Stats
  • This quiz has been taken 239 times
    202 since last reset
  • The average score is 15 of 22
Answer Stats
Answer % Correct
grian
99%
mumbo jumbo
96%
iskall85
89%
GoodTimesWithScar
87%
StressMonster
83%
Xisumavoid
81%
Falsesymmetry
76%
Docm77
75%
ZombieCleo
75%
Impulsesv
74%
Rendog
73%
cubfan135
72%
Keralis
72%
Ijevin
71%
TangoTek
71%
Bdoubleo100
68%
TinFoilChef
64%
JoeHills
58%
Zedaph
55%
Welsknight
48%
Biffaplays
30%
PythonGB
24%
No matching quizzes found
Score Distribution
Percent of People with Each Score
Percentile by Number Answered
Your Score History
You have not taken this quiz since the last reset